000 00714nam a2200289Ia 4500
005 20260324130522.0
008 008 260324s9999 xx 000 0 eng d
020 _a9780429115820
037 _aEBOOK
040 _aCRL
040 _beng
040 _cCRL
041 _2eng
041 _aeng
084 _qCRL
100 _aYu-Chee Tseng; Shih-Lin Wu
_91182092
245 0 _aWireless Ad Hoc Networking
245 0 _bPersonal-Area, Local-Area, and the Sensory-Area Networks
260 _bTaylor and Francis
260 _c2007
365 _a
365 _b260
856 _uhttp://www.taylorfrancis.com/books/9780429115820
942 _cEBOOK
999 _c1778318
_d1778318